000 00442cam a2200145 4500500
005 20251228053936.0
041 _afre
042 _adc
100 1 0 _aCraveri, Benedetta
_eauthor
245 0 0 _aLa sua seconda patria
260 _c2020.
500 _a29
786 0 _nCommentaire | uméro 172 | 4 | 2020-11-30 | p. 880-882 | 0180-8214
856 4 1 _uhttps://shs.cairn.info/revue-commentaire-2020-4-page-880?lang=fr&redirect-ssocas=7080
999 _c1585884
_d1585884